WWE Superstars - Statistics

General Stats
  • This quiz has been taken 6,339 times
    6,160 since last reset
  • The average score is 15 of 21
Answer Stats
Hint Answer % Correct
The Apex Predator Randy Orton
91%
21-1 At WrestleMania The Undertaker
91%
World's Strongest Man Mark Henry
88%
The Game Triple H
87%
World's Largest Athlete Big Show
85%
The Celtic Warrior Sheamus
85%
The Face of the WWE John Cena
84%
The Animal Batista
82%
The One In 21-1 Brock Lesnar
82%
The Lunatic Fringe Dean Ambrose
81%
The Devil's Favorite Demon Kane
79%
The Most Electrifying Man The Rock
79%
Best in the World CM Punk
76%
Bo-Lieve!! Bo Dallas
74%
Mr. Wrestlemania Shawn Michaels
73%
The Future of the WWE Seth Rollins
67%
The Powerhouse Roman Reigns
64%
The Bulgarian Brute Rusev
62%
The Ultimate Opportunist Edge
52%
The "B+ Player" Daniel Bryan
44%
Pursuit of Perfection Bret Hart
11%
No matching quizzes found
Score Distribution
Percent of People with Each Score
Percentile by Number Answered
Your Score History
You have not taken this quiz since the last reset